000 00680nam a2200229Ia 4500
001 9437
003 GE_BSU
008 181216s||||||||xx |||||||||||||| ||und||
040 _cGE_BSU
080 _a821.353.1–31
100 _aმოდებაძე,ნოდარ
245 _aარა იპარო
245 _bრომანი
245 _cრედ.დ. ბეჟანიძე,მხატვ. ე. ხაზარაძე
260 _aთბილისი
260 _bსაბჭოთა აჭარა
260 _c1988
300 _a278გვ.22სმ.
653 _aარა იპარო
653 _aრომანი
942 _cBK
999 _c42731
_d42731